|
|
|
|
| LEADER |
00000nam0a2200000 4500 |
| 001 |
338265 |
| 005 |
20231102005030.0 |
| 035 |
|
|
|a (RuTPU)RU\TPU\book\364754
|
| 090 |
|
|
|a 338265
|
| 100 |
|
|
|a 20171122d1969 m y0rusy50 ca
|
| 101 |
0 |
|
|a rus
|
| 102 |
|
|
|a RU
|
| 105 |
|
|
|a a z 000zy
|
| 200 |
1 |
|
|a Нормирование труда ИТР и служащих
|e методические указания
|f Научно-исследовательский институт труда ; под ред. Г. Э. Слезингера
|
| 210 |
|
|
|a Москва
|c [Б. и.]
|d 1969
|
| 215 |
|
|
|a 111 с.
|c ил.
|
| 606 |
1 |
|
|a Нормирование труда
|2 stltpush
|3 (RuTPU)RU\TPU\subj\36516
|9 57866
|
| 610 |
1 |
|
|a классификация
|
| 610 |
1 |
|
|a внедрение
|
| 610 |
1 |
|
|a нормативы
|
| 610 |
1 |
|
|a время
|
| 610 |
1 |
|
|a конструкторские работы
|
| 610 |
1 |
|
|a технологические работы
|
| 610 |
1 |
|
|a обработка данных
|
| 610 |
1 |
|
|a затраты
|
| 610 |
1 |
|
|a численность
|
| 610 |
1 |
|
|a управляемость
|
| 610 |
1 |
|
|a методические указания
|
| 675 |
|
|
|a 658.310.33
|v 4
|
| 702 |
|
1 |
|a Слезингер
|b Г. Э.
|4 340
|
| 712 |
0 |
2 |
|a Научно-исследовательский институт труда
|2 stltpush
|3 (RuTPU)RU\TPU\col\9283
|9 24670
|
| 801 |
|
1 |
|a RU
|b 63413507
|c 20171122
|
| 801 |
|
2 |
|a RU
|b 63413507
|c 20220506
|g RCR
|
| 942 |
|
|
|c BK
|